000 00575nam a2200181 a 4500
001 000015120
003 OSt
005 20260304085434.0
008 100201s2003 dr c 000 0 spa d
040 _aDO-SdBNP
_bspa
_cBNPHU
245 0 0 _a10 discursos /
_cedición José Francisco Peña Guaba.
246 0 0 _aDiez discursos
260 _aSanto Domingo :
_bFundación Dr. Francisco Peña Gómez,
_c2003.
300 _a[10-17] :
_bil., retrs. ;
_c20 cm.
590 _aInventariado, 2020 /LP
700 1 _aPeña Gomez, Jose Francisco ,
_d1937-1998
_eed.
_92994
942 _2ddc
_cLBS1
999 _c14692
_d14692